| 000 | 00623nmm a2200193Ia 4500 | ||
|---|---|---|---|
| 008 | 251105s9999||||xx |||||||||||||||||und|| | ||
| 020 | _a9788499217437 | ||
| 041 | _aspa | ||
| 100 | _aBalcázar Nava, Patricia | ||
| 245 | 0 | _aFactores psicosociales asociados a enfermedades crónico-degenerativas | |
| 264 |
_a[Madrid, España] : _bOctaedro, _c2015 |
||
| 300 | _a208 páginas | ||
| 490 | _aPsicoterapias | ||
| 650 | _aMedicine | ||
| 700 | _aBalcázar Nava, Patricia | ||
| 700 | 1 | _a Gurrola Peña, Gloria Margarita, Moysén Chimal, Alejandra | |
| 856 | _uhttps://public.digitaliapublishing.com/a/39207 | ||
| 942 | _cCF | ||
| 999 |
_c62414 _d62414 |
||